[Event "WC-2019-S-00006"]
[Site "LSS email"]
[Date "2019.04.07"]
[Round "?"]
[White "Latib, Ali"]
[Black "Germanes, Ramil"]
[Result "0-1"]
[WhiteElo "2235"]
[BlackElo "2347"]
[PlyCount "70"]
[EventDate "2019.04.13"]
[EventType "tourn (corr)"]
[EventRounds "12"]
[EventCountry "GER"]
[SourceTitle "Corr 2022"]
[Source "ChessBase"]
[SourceDate "2021.10.24"]
[SourceVersion "1"]
[SourceVersionDate "2021.10.24"]
[SourceQuality "1"]

1. c4 Nf6 2. Nc3 e5 3. Nf3 Nc6 4. g3 d5 5. cxd5 Nxd5 6. Bg2 Bc5 7. 0-0 0-0 8. d3 Re8 9. Bd2 a5 10. Ng5 Nde7 11. Nce4 Bb4 12. Rc1 h6 13. Nf3 Bd6 14. a3 Nd5 15. Nc5 Nf6 16. Nh4 Rb8 17. Ne4 Be7 18. Nf3 Nxe4 19. dxe4 Be6 20. Qa4 b5 21. Qd1 Qd7 22. Be3 Bd6 23. Qc2 Nd8 24. Rfd1 f6 25. Nh4 a4 26. Qc3 Bc4 27. Nf5 Nf7 28. Bh3 Qc6 29. f3 Bf8 30. Bf2 Qa6 31. Bg4 c5 32. Bh5 Red8 33. Rxd8 Rxd8 34. Kg2 Ng5 35. Qe1 b4 0-1

[Event "RA-2018-0-00598"]
[Site "LSS email"]
[Date "2018.09.16"]
[Round "?"]
[White "Willmann, Bernd"]
[Black "Latib, Ali"]
[Result "1/2-1/2"]
[WhiteElo "2273"]
[BlackElo "2202"]
[PlyCount "95"]
[EventDate "2018.08.20"]
[EventType "tourn (corr)"]
[EventRounds "6"]
[EventCountry "GER"]
[SourceTitle "Corr 2022"]
[Source "ChessBase"]
[SourceDate "2021.10.24"]
[SourceVersion "1"]
[SourceVersionDate "2021.10.24"]
[SourceQuality "1"]

1. d4 Nf6 2. c4 e6 3. Nc3 Bb4 4. Qc2 0-0 5. a3 Bxc3+ 6. Qxc3 b6 7. Bg5 Bb7 8. f3 h6 9. Bh4 d5 10. cxd5 exd5 11. e3 Re8 12. Bb5 c6 13. Ba4 b5 14. Bc2 c5 15. Ne2 c4 16. 0-0 Nc6 17. Rad1 a5 18. Rfe1 b4 19. Qd2 Rb8 20. Bb1 Bc8 21. e4 bxa3 22. bxa3 Nxe4 23. Bxe4 Qxh4 24. Bxd5 Bd7 25. Bxc4 Qe7 26. Qc3 Qd6 27. Rb1 a4 28. Ng3 Rxe1+ 29. Rxe1 Be6 30. d5 Qc5+ 31. Kh1 Bxd5 32. Nf5 f6 33. Bxd5+ Qxd5 34. Qxc6 Qxf5 35. Qxa4 Rb1 36. Qe8+ Kh7 37. Qe3 Rb5 38. a4 Rc5 39. Ra1 Ra5 40. Qe4 Qxe4 41. fxe4 Kg6 42. g3 Kg5 43. Kg2 h5 44. Kf3 h4 45. g4 Kg6 46. Kg2 Kg5 47. Kf3 Kh6 48. Ra3 1/2-1/2

[Event "WC-2018-S-00003"]
[Site "LSS email"]
[Date "2018.07.11"]
[Round "?"]
[White "Egorov, Vladimir Al"]
[Black "Latib, Ali"]
[Result "0-1"]
[WhiteElo "2062"]
[BlackElo "2203"]
[PlyCount "54"]
[EventDate "2018.07.15"]
[EventType "tourn (corr)"]
[EventRounds "12"]
[EventCountry "GER"]
[SourceTitle "Corr 2024"]
[Source "ChessBase"]
[SourceDate "2023.10.19"]
[SourceVersion "1"]
[SourceVersionDate "2023.10.19"]
[SourceQuality "1"]

1. d4 Nf6 2. c4 e6 3. Nf3 d5 4. Nc3 c6 5. e3 Nbd7 6. Qc2 Bd6 7. Bd3 0-0 8. 0-0 dxc4 9. Bxc4 b5 10. Bd3 Bb7 11. e4 e5 12. a3 a6 13. Bg5 h6 14. Bh4 exd4 15. Nxd4 Qc7 16. Bg3 Bxg3 17. hxg3 c5 18. Nf5 c4 19. Be2 Nc5 20. f3 g6 21. Nxh6+ Kg7 22. Ng4 Qxg3 23. Nxf6 Rh8 24. Ng4 Rh5 25. Qd2 Nd3 26. Bxd3 Rah8 27. Nf2 Qh2# 0-1

[Event "WC-2018-S-00003"]
[Site "LSS email"]
[Date "2018.07.11"]
[Round "?"]
[White "Latib, Ali"]
[Black "Kolanek, Roman"]
[Result "1/2-1/2"]
[WhiteElo "2203"]
[BlackElo "2140"]
[PlyCount "74"]
[EventDate "2018.07.15"]
[EventType "tourn (corr)"]
[EventRounds "12"]
[EventCountry "GER"]
[SourceTitle "Corr 2024"]
[Source "ChessBase"]
[SourceDate "2023.10.19"]
[SourceVersion "1"]
[SourceVersionDate "2023.10.19"]
[SourceQuality "1"]

1. e4 c5 2. Nf3 d6 3. Bb5+ Bd7 4. Bxd7+ Nxd7 5. 0-0 e6 6. d3 Ngf6 7. a4 Be7 8. Re1 a6 9. Bf4 0-0 10. h3 b5 11. Nbd2 Qb6 12. Qb1 Qc6 13. c3 Nb6 14. b3 bxa4 15. Qa2 Nh5 16. Bh2 axb3 17. Nxb3 Nf6 18. Na5 Qc7 19. Qe2 g6 20. Nd2 Nfd7 21. Ra3 Nc8 22. Nac4 Na7 23. Rxa6 Nb5 24. Rxa8 Rxa8 25. Rc1 Bg5 26. Qe1 Ra2 27. Ra1 Qa7 28. Rxa2 Qxa2 29. Nf3 Be7 30. Bg3 Bf8 31. e5 d5 32. Nd6 Qa6 33. Ne8 Na3 34. Qa1 c4 35. dxc4 Qc8 36. Nd6 Bxd6 37. exd6 Nxc4 1/2-1/2

[Event "WC-2018-S-00003"]
[Site "LSS email"]
[Date "2018.07.11"]
[Round "?"]
[White "Latib, Ali"]
[Black "Van Bommel, Ton"]
[Result "1/2-1/2"]
[WhiteElo "2203"]
[BlackElo "2154"]
[PlyCount "76"]
[EventDate "2018.07.15"]
[EventType "tourn (corr)"]
[EventRounds "12"]
[EventCountry "GER"]
[SourceTitle "Corr 2024"]
[Source "ChessBase"]
[SourceDate "2023.10.19"]
[SourceVersion "1"]
[SourceVersionDate "2023.10.19"]
[SourceQuality "1"]

1. d4 d5 2. c4 c6 3. Nf3 Nf6 4. e3 e6 5. b3 Nbd7 6. Bb2 Bd6 7. Bd3 0-0 8. Qc2 c5 9. cxd5 exd5 10. 0-0 b6 11. Nc3 Bb7 12. Rfd1 Qe7 13. Nb5 Bb8 14. Bf5 Rd8 15. Rac1 a6 16. Nc3 Bd6 17. Bxd7 Nxd7 18. dxc5 Nxc5 19. Kf1 d4 20. Nxd4 Bxh2 21. g3 h5 22. b4 Ne4 23. Nxe4 Bxe4 24. Qc3 Qg5 25. Qc7 Rac8 26. Qf4 Qxf4 27. gxf4 Rxc1 28. Rxc1 h4 29. f3 Bd3+ 30. Kg2 Bg3 31. Rc3 Bb5 32. Rc2 Ba4 33. Rc7 Rd6 34. Rc8+ Kh7 35. Rf8 f6 36. Bc3 Rd5 37. Rf7 Bd7 38. b5 a5 1/2-1/2

[Event "RA-2018-0-00573"]
[Site "LSS email"]
[Date "2018.04.01"]
[Round "?"]
[White "Latib, Ali"]
[Black "Husemann, Andreas"]
[Result "1/2-1/2"]
[WhiteElo "2207"]
[BlackElo "2245"]
[PlyCount "74"]
[EventDate "2018.03.13"]
[EventType "tourn (corr)"]
[EventRounds "6"]
[EventCountry "GER"]
[SourceTitle "Corr 2022"]
[Source "ChessBase"]
[SourceDate "2021.10.24"]
[SourceVersion "1"]
[SourceVersionDate "2021.10.24"]
[SourceQuality "1"]

1. c4 Nf6 2. d3 e6 3. Nf3 d5 4. d4 Be7 5. cxd5 exd5 6. Nc3 0-0 7. Bf4 Nh5 8. Bd2 Re8 9. e3 c6 10. Bd3 g6 11. 0-0 Be6 12. Qb3 Qc8 13. Na4 Nd7 14. Bb4 Bd8 15. Bd6 Ndf6 16. Ng5 Ne4 17. Nxe6 Nxd6 18. Nxd8 Qxd8 19. Nc5 Qg5 20. Rae1 Re7 21. Qd1 Rae8 22. g3 Ng7 23. h4 Qf6 24. Qg4 Ne6 25. Nxe6 Rxe6 26. b4 Qe7 27. Rb1 Kg7 28. Qd1 Rf6 29. b5 Ne4 30. Bxe4 Qxe4 31. bxc6 bxc6 32. Rb3 Rf3 33. Qd3 Qg4 34. Qd1 Re6 35. Kg2 Ref6 36. Qd3 h6 37. Rb2 a5 1/2-1/2

[Event "SM-2018-0-00391"]
[Site "LSS email"]
[Date "2018.03.14"]
[Round "?"]
[White "Latib, Ali"]
[Black "Steinke, Ruediger"]
[Result "1/2-1/2"]
[WhiteElo "2198"]
[BlackElo "2364"]
[PlyCount "84"]
[EventDate "2017.12.11"]
[EventType "tourn (corr)"]
[EventRounds "6"]
[EventCountry "GER"]
[SourceTitle "Corr 2022"]
[Source "ChessBase"]
[SourceDate "2021.10.24"]
[SourceVersion "1"]
[SourceVersionDate "2021.10.24"]
[SourceQuality "1"]

1. e4 d6 2. d4 Nf6 3. Nc3 g6 4. Bg5 Bg7 5. Qd2 h6 6. Bf4 g5 7. Be3 Ng4 8. h4 Nxe3 9. Qxe3 g4 10. 0-0-0 Nd7 11. e5 h5 12. Kb1 Nb6 13. Nge2 c6 14. f4 gxf3 15. gxf3 Be6 16. Bh3 Bxh3 17. Rxh3 Qc7 18. f4 0-0-0 19. Qf3 Kb8 20. Rg3 Bh6 21. Rgg1 Qc8 22. Ne4 Nd5 23. a3 Qf5 24. Rdf1 dxe5 25. fxe5 Qxf3 26. Rxf3 f6 27. Rf5 fxe5 28. Rxe5 Rhg8 29. Rxh5 Rxg1+ 30. Nxg1 Be3 31. Ne2 Rg8 32. c3 Rg2 33. N2g3 Rg1+ 34. Ka2 Rg2 35. Kb1 Rg1+ 36. Kc2 b5 37. Kd3 Bf4 38. Rh8+ Kc7 39. Ne2 Rh1 40. Nf2 Rh2 41. Nxf4 Nxf4+ 42. Ke3 Rxh4 1/2-1/2

[Event "WC-2018-P-00018"]
[Site "LSS email"]
[Date "2018.01.22"]
[Round "?"]
[White "Laine, Jari"]
[Black "Latib, Ali"]
[Result "1/2-1/2"]
[WhiteElo "1985"]
[BlackElo "2199"]
[PlyCount "99"]
[EventDate "2018.02.01"]
[EventType "tourn (corr)"]
[EventRounds "12"]
[EventCountry "GER"]
[SourceTitle "Corr 2022"]
[Source "ChessBase"]
[SourceDate "2021.10.24"]
[SourceVersion "1"]
[SourceVersionDate "2021.10.24"]
[SourceQuality "1"]

1. c4 e5 2. Nc3 Nf6 3. Nf3 Nc6 4. e3 Bb4 5. Qc2 Bxc3 6. bxc3 e4 7. Ng5 Qe7 8. f3 exf3 9. Nxf3 0-0 10. Be2 b6 11. 0-0 Bb7 12. Rb1 Rae8 13. Rb2 Ng4 14. Nd4 Nh6 15. d3 f5 16. Qa4 Ba8 17. Nb5 d6 18. h3 Na5 19. c5 dxc5 20. Qf4 c6 21. Nc7 Rc8 22. Nxa8 Rxa8 23. Qg3 Kh8 24. c4 Rf6 25. Rc2 Rd8 26. Qh4 Ra8 27. Bf3 Rd8 28. Bb2 Re6 29. Qf4 Rxd3 30. e4 Qd6 31. Qc1 Re7 32. exf5 Ng8 33. Re1 Rxe1+ 34. Qxe1 Nf6 35. Qe2 Qd7 36. g4 h6 37. h4 Kh7 38. Be5 Kh8 39. Rc3 Rxc3 40. Bxc3 Qe8 41. Kg2 Qxe2+ 42. Bxe2 Nb7 43. Kf3 Kg8 44. Kf4 Nd6 45. Be5 Nfe8 46. Bxd6 Nxd6 47. Ke5 Nf7+ 48. Ke6 Kf8 49. a4 a6 50. Bf1 1/2-1/2

[Event "WC-2018-P-00018"]
[Site "LSS email"]
[Date "2018.01.22"]
[Round "?"]
[White "Latib, Ali"]
[Black "Plutarco, Fosca"]
[Result "1/2-1/2"]
[WhiteElo "2199"]
[BlackElo "1922"]
[PlyCount "125"]
[EventDate "2018.02.01"]
[EventType "tourn (corr)"]
[EventRounds "12"]
[EventCountry "GER"]
[SourceTitle "Corr 2022"]
[Source "ChessBase"]
[SourceDate "2021.10.24"]
[SourceVersion "1"]
[SourceVersionDate "2021.10.24"]
[SourceQuality "1"]

1. e4 e6 2. d4 d5 3. Nc3 dxe4 4. Nxe4 Be7 5. Nf3 Nd7 6. Bd3 Ngf6 7. Nxf6+ Nxf6 8. 0-0 0-0 9. c3 b6 10. Qe2 Bb7 11. Bf4 Qc8 12. Rad1 h6 13. Rfe1 Rd8 14. a3 c5 15. Ne5 a6 16. Bb1 Qc7 17. Rd3 Bd6 18. Rg3 Kf8 19. Bd2 a5 20. Qe3 Ng8 21. Qf4 cxd4 22. cxd4 Rd7 23. Rc3 Bxe5 24. Rxc7 Bxc7 25. Qe3 Rad8 26. Qb3 Rxd4 27. Bxa5 bxa5 28. Qxb7 R8d7 29. g3 Bxg3 30. Qc8+ Rd8 31. Qc5+ Bd6 32. Qxa5 Bf4 33. Re4 R4d5 34. Qc3 Bg5 35. Bc2 Bf6 36. Qb4+ Ne7 37. a4 g6 38. Rc4 Kg7 39. Kf1 Rh5 40. h4 Rdd5 41. Qa3 Nf5 42. Bd3 Bxh4 43. Be2 Be7 44. b4 Rh1+ 45. Kg2 Rb1 46. Bd3 Rd1 47. Bc2 R1d2 48. Bxf5 exf5 49. a5 R5d3 50. Qc1 Bg5 51. b5 Ra2 52. Qe1 Re3 53. Qf1 Rb3 54. b6 h5 55. Rc7 Be3 56. b7 Rbb2 57. Rxf7+ Kxf7 58. Qc4+ Kg7 59. Qxa2 Rxa2 60. b8Q Rxf2+ 61. Kh3 f4 62. a6 Rf3+ 63. Kg2 1/2-1/2

[Event "WC-2018-P-00018"]
[Site "LSS email"]
[Date "2018.01.22"]
[Round "?"]
[White "Medvedev, Eduard"]
[Black "Latib, Ali"]
[Result "1-0"]
[WhiteElo "2311"]
[BlackElo "2199"]
[PlyCount "111"]
[EventDate "2018.02.01"]
[EventType "tourn (corr)"]
[EventRounds "12"]
[EventCountry "GER"]
[SourceTitle "Corr 2022"]
[Source "ChessBase"]
[SourceDate "2021.10.24"]
[SourceVersion "1"]
[SourceVersionDate "2021.10.24"]
[SourceQuality "1"]

1. e4 e5 2. Nf3 Nc6 3. Bb5 a6 4. Ba4 Nf6 5. 0-0 Be7 6. Re1 b5 7. Bb3 d6 8. c3 0-0 9. h3 Bb7 10. d4 Nd7 11. Nbd2 exd4 12. cxd4 Re8 13. Nf1 Na5 14. Bc2 c5 15. Ne3 cxd4 16. Nxd4 Bf8 17. Nef5 Rc8 18. Qg4 Kh8 19. Qg3 Ne5 20. b3 Nac6 21. Nxc6 Rxc6 22. Nd4 Rc8 23. Bb2 g6 24. Rad1 Bh6 25. Bb1 Bg7 26. Bc1 Kg8 27. Bf4 Qc7 28. f3 Rcd8 29. Kh1 f6 30. a4 d5 31. exd5 Bxd5 32. axb5 axb5 33. Bd3 b4 34. Bb5 Re7 35. Rd2 Kh8 36. Qf2 Bf8 37. Red1 Rb8 38. Nf5 Bxb3 39. Nxe7 Bxe7 40. Bxe5 Qxe5 41. Re1 Bc5 42. Qh4 Qg5 43. Qxg5 fxg5 44. Re8+ Rxe8 45. Bxe8 Be6 46. Re2 Bc4 47. Re5 Bd6 48. Rxg5 b3 49. Bc6 Kg7 50. Be4 Kf6 51. Ra5 h6 52. h4 Bg3 53. Rc5 Bf7 54. Rb5 Be5 55. g4 g5 56. h5 1-0

[Event "WC-2018-P-00018"]
[Site "LSS email"]
[Date "2018.01.22"]
[Round "?"]
[White "Plutarco, Fosca"]
[Black "Latib, Ali"]
[Result "1/2-1/2"]
[WhiteElo "1922"]
[BlackElo "2199"]
[PlyCount "91"]
[EventDate "2018.02.01"]
[EventType "tourn (corr)"]
[EventRounds "12"]
[EventCountry "GER"]
[SourceTitle "Corr 2022"]
[Source "ChessBase"]
[SourceDate "2021.10.24"]
[SourceVersion "1"]
[SourceVersionDate "2021.10.24"]
[SourceQuality "1"]

1. d4 d5 2. Nf3 Nf6 3. g3 c5 4. dxc5 Qa5+ 5. c3 Qxc5 6. Bg2 Nc6 7. b4 Qd6 8. b5 Na5 9. Bf4 Qb6 10. Nbd2 g6 11. Qa4 a6 12. bxa6+ Bd7 13. axb7 Qxb7 14. Qb4 Qc8 15. Ne5 e6 16. Qb2 Bg7 17. Rb1 0-0 18. 0-0 Nh5 19. Nxd7 Qxd7 20. Be3 Nf6 21. Rfc1 Rfc8 22. Bd4 Nc6 23. Nb3 Qc7 24. e3 e5 25. Bc5 Na5 26. Bb4 Nc4 27. Qe2 e4 28. Ra1 Ra4 29. Nc5 Ra7 30. a4 Rca8 31. Bf1 Bf8 32. Nb3 Rxa4 33. Qd1 Ne5 34. Rxa4 Rxa4 35. Nd4 Ra8 36. Ra1 Qc8 37. Rxa8 Qxa8 38. Kg2 Kg7 39. h3 Qc8 40. Be2 h5 41. Qa4 Nd3 42. Qb5 Ne1+ 43. Kh2 Bxb4 44. cxb4 Nc2 45. Nxc2 Qxc2 46. Kg2 1/2-1/2

[Event "SA-2018-0-00619"]
[Site "LSS email"]
[Date "2018.01.14"]
[Round "?"]
[White "Latib, Ali"]
[Black "Mesquita, Fausto Monteiro Jr"]
[Result "1/2-1/2"]
[WhiteElo "2198"]
[BlackElo "2019"]
[PlyCount "66"]
[EventDate "2017.12.19"]
[EventType "tourn (corr)"]
[EventRounds "6"]
[EventCountry "GER"]
[SourceTitle "Corr 2022"]
[Source "ChessBase"]
[SourceDate "2021.10.24"]
[SourceVersion "1"]
[SourceVersionDate "2021.10.24"]
[SourceQuality "1"]

1. Nf3 d5 2. d4 Nf6 3. c4 e6 4. Nc3 Bb4 5. Bg5 Nbd7 6. cxd5 exd5 7. e3 c5 8. Bd3 Qa5 9. Qc2 c4 10. Bf5 0-0 11. 0-0 h6 12. Bh4 Re8 13. a4 Bxc3 14. bxc3 Qa6 15. Nd2 Nf8 16. Bxc8 Raxc8 17. Rfb1 N8d7 18. a5 Nh5 19. Qf5 Nhf6 20. Qc2 Nh5 21. Qd1 g6 22. h3 f5 23. Qf3 Ndf6 24. g4 Ne4 25. Nxe4 fxe4 26. Qe2 g5 27. Bxg5 hxg5 28. gxh5 Re7 29. Qg4 Rf8 30. Kh1 Qf6 31. Ra2 Kh7 32. Rb5 Rd8 33. Rab2 Rdd7 1/2-1/2

[Event "SA-2018-0-00619"]
[Site "LSS email"]
[Date "2018.01.14"]
[Round "?"]
[White "Susla, Vitaliy"]
[Black "Latib, Ali"]
[Result "1/2-1/2"]
[WhiteElo "2348"]
[BlackElo "2198"]
[PlyCount "87"]
[EventDate "2017.12.19"]
[EventType "tourn (corr)"]
[EventRounds "6"]
[EventCountry "GER"]
[SourceTitle "Corr 2022"]
[Source "ChessBase"]
[SourceDate "2021.10.24"]
[SourceVersion "1"]
[SourceVersionDate "2021.10.24"]
[SourceQuality "1"]

1. d4 d5 2. c4 e6 3. Nf3 Nf6 4. Nc3 c6 5. e3 Nbd7 6. Qc2 Bd6 7. Bd3 0-0 8. 0-0 dxc4 9. Bxc4 a6 10. Rd1 b5 11. Bd3 h6 12. e4 e5 13. h3 Qc7 14. Be3 exd4 15. Nxd4 Ne5 16. Rac1 Re8 17. Bf1 Ng6 18. Nb3 Bb7 19. Nc5 Rad8 20. b4 Bc8 21. a3 Nf8 22. Nb3 Ne6 23. Ne2 Bb7 24. Na5 Ba8 25. f3 Nh5 26. Kh1 Be5 27. Nb3 Bb7 28. Nc5 Nxc5 29. Qxc5 Ng3+ 30. Kg1 Rxd1 31. Rxd1 Bc8 32. Bd4 Nxe2+ 33. Bxe2 Bh2+ 34. Kh1 Rd8 35. Qc3 f6 36. Rc1 Bg3 37. Be3 Be6 38. Kg1 Rc8 39. Rd1 Be5 40. Qc5 Bb3 41. Rd2 Be6 42. Rc2 Bh2+ 43. Kf1 Bg3 44. Bf2 1/2-1/2

[Event "RA-2017-0-00505"]
[Site "LSS email"]
[Date "2017.03.03"]
[Round "?"]
[White "Latib, Ali"]
[Black "Kudr, Roman"]
[Result "1-0"]
[WhiteElo "2166"]
[BlackElo "2244"]
[PlyCount "45"]
[EventDate "2017.02.02"]
[EventType "tourn (corr)"]
[EventRounds "6"]
[EventCountry "GER"]
[SourceTitle "Corr 2022"]
[Source "ChessBase"]
[SourceDate "2021.10.24"]
[SourceVersion "1"]
[SourceVersionDate "2021.10.24"]
[SourceQuality "1"]

1. d4 e6 2. c4 Nf6 3. Nf3 b6 4. a3 Bb7 5. Nc3 d5 6. cxd5 Nxd5 7. e3 Nxc3 8. bxc3 Be7 9. Bd3 0-0 10. Qc2 h6 11. e4 c5 12. 0-0 Qc8 13. Qe2 Ba6 14. Rd1 Bxd3 15. Rxd3 Nd7 16. Ne1 cxd4 17. cxd4 Nf6 18. e5 Nh7 19. Rg3 Kh8 20. Nd3 Qd8 21. Qg4 Rg8 22. Rf3 Qe8 23. Bd2 1-0

[Event "RA-2017-0-00498"]
[Site "LSS email"]
[Date "2017.01.19"]
[Round "?"]
[White "Koch, Christian"]
[Black "Latib, Ali"]
[Result "1-0"]
[WhiteElo "2260"]
[BlackElo "2124"]
[PlyCount "87"]
[EventDate "2017.01.01"]
[EventType "tourn (corr)"]
[EventRounds "6"]
[EventCountry "GER"]
[SourceTitle "Corr 2022"]
[Source "ChessBase"]
[SourceDate "2021.10.24"]
[SourceVersion "1"]
[SourceVersionDate "2021.10.24"]
[SourceQuality "1"]

1. e4 e5 2. Nf3 Nc6 3. Bb5 a6 4. Ba4 Nf6 5. 0-0 Be7 6. Re1 b5 7. Bb3 0-0 8. h3 Bb7 9. d3 d6 10. a3 Na5 11. Ba2 c5 12. Nbd2 Nc6 13. Nf1 Bc8 14. c3 Be6 15. Bxe6 fxe6 16. b4 Rb8 17. Be3 Nh5 18. Rc1 Nf4 19. Bxf4 Rxf4 20. Ne3 Qe8 21. bxc5 dxc5 22. a4 b4 23. Nc4 Rf8 24. Rf1 a5 25. Nfd2 Bg5 26. Rc2 Qd8 27. Nb3 Be7 28. Qe2 bxc3 29. Rxc3 Rb4 30. Qd1 g6 31. g3 Rf6 32. Nbd2 Rf8 33. Kg2 Bg5 34. Nf3 Be7 35. h4 Bf6 36. Qa1 Nd4 37. Nxd4 exd4 38. Rc2 Qc7 39. Qd1 h5 40. f4 Rxa4 41. Kh3 Rb4 42. g4 Kh8 43. gxh5 Kh7 44. e5 1-0

[Event "RA-2017-0-00498"]
[Site "LSS email"]
[Date "2017.01.19"]
[Round "?"]
[White "Latib, Ali"]
[Black "Cvak, Rudolf"]
[Result "1/2-1/2"]
[WhiteElo "2124"]
[BlackElo "2261"]
[PlyCount "54"]
[EventDate "2017.01.01"]
[EventType "tourn (corr)"]
[EventRounds "6"]
[EventCountry "GER"]
[SourceTitle "Corr 2022"]
[Source "ChessBase"]
[SourceDate "2021.10.24"]
[SourceVersion "1"]
[SourceVersionDate "2021.10.24"]
[SourceQuality "1"]

1. e4 c5 2. Nf3 d6 3. d4 cxd4 4. Nxd4 Nf6 5. Nc3 a6 6. a3 e5 7. Nf5 d5 8. Bg5 d4 9. Bxf6 gxf6 10. Na2 Bxf5 11. exf5 Qd5 12. Be2 e4 13. 0-0 Nc6 14. Nc3 Qe5 15. f4 exf3 16. Bxf3 dxc3 17. Bxc6+ bxc6 18. Re1 Bc5+ 19. Kh1 Be3 20. Qf3 cxb2 21. Rab1 0-0 22. Rxe3 Qa5 23. Rxb2 Qd2 24. Rb1 Rfe8 25. Rxe8+ Rxe8 26. h3 Qxc2 27. Rb6 Qc5 1/2-1/2

[Event "RA-2017-0-00498"]
[Site "LSS email"]
[Date "2017.01.19"]
[Round "?"]
[White "Latib, Ali"]
[Black "Morcin, Tom"]
[Result "1/2-1/2"]
[WhiteElo "2124"]
[BlackElo "2311"]
[PlyCount "66"]
[EventDate "2017.01.01"]
[EventType "tourn (corr)"]
[EventRounds "6"]
[EventCountry "GER"]
[SourceTitle "Corr 2022"]
[Source "ChessBase"]
[SourceDate "2021.10.24"]
[SourceVersion "1"]
[SourceVersionDate "2021.10.24"]
[SourceQuality "1"]

1. d4 Nf6 2. c4 e6 3. Nf3 d5 4. Nc3 Be7 5. Bf4 0-0 6. e3 Nbd7 7. c5 c6 8. Bd3 b6 9. b4 a5 10. a3 Ba6 11. Bxa6 Rxa6 12. 0-0 Qa8 13. h3 Qb7 14. Qd3 axb4 15. axb4 Rfa8 16. Rxa6 Rxa6 17. Qc2 h6 18. Rb1 b5 19. g4 Nf8 20. Rb2 Ng6 21. Bg3 Qa8 22. Kg2 Bd8 23. Ra2 Rxa2 24. Qxa2 Qxa2 25. Nxa2 Ne4 26. Nc1 f6 27. h4 Kf7 28. h5 Nf8 29. Bf4 Ke8 30. Kf1 Kd7 31. Ne2 Nh7 32. Ke1 Kc8 33. Nfg1 Kd7 1/2-1/2

[Event "RA-2017-0-00498"]
[Site "LSS email"]
[Date "2017.01.19"]
[Round "?"]
[White "Seiler, Peter"]
[Black "Latib, Ali"]
[Result "0-1"]
[WhiteElo "2122"]
[BlackElo "2124"]
[PlyCount "52"]
[EventDate "2017.01.01"]
[EventType "tourn (corr)"]
[EventRounds "6"]
[EventCountry "GER"]
[SourceTitle "Corr 2022"]
[Source "ChessBase"]
[SourceDate "2021.10.24"]
[SourceVersion "1"]
[SourceVersionDate "2021.10.24"]
[SourceQuality "1"]

1. d4 Nf6 2. c4 e6 3. Nc3 Bb4 4. e3 0-0 5. a3 Bxc3+ 6. bxc3 Re8 7. Bd3 e5 8. f3 d5 9. Ne2 e4 10. fxe4 dxe4 11. Bb1 Nc6 12. 0-0 Na5 13. Ba2 b6 14. Ng3 Ba6 15. Qe2 Qe7 16. Rb1 c5 17. a4 Qe6 18. d5 Qg4 19. Qxg4 Nxg4 20. Rf4 Nf6 21. Rb5 Bxb5 22. cxb5 c4 23. Bb1 Nxd5 24. Rxe4 Nxc3 25. Rxe8+ Rxe8 26. Bf5 Nb3 0-1

[Event "RA-2017-0-00495"]
[Site "LSS email"]
[Date "2017.01.09"]
[Round "?"]
[White "Latib, Ali"]
[Black "Skiba, Krzysztof"]
[Result "1/2-1/2"]
[WhiteElo "2118"]
[BlackElo "2160"]
[PlyCount "58"]
[EventDate "2016.12.22"]
[EventType "tourn (corr)"]
[EventRounds "6"]
[EventCountry "GER"]
[SourceTitle "Corr 2022"]
[Source "ChessBase"]
[SourceDate "2021.10.24"]
[SourceVersion "1"]
[SourceVersionDate "2021.10.24"]
[SourceQuality "1"]

1. e4 e5 2. Nf3 Nc6 3. Bb5 a6 4. Ba4 Nf6 5. 0-0 Be7 6. Re1 b5 7. Bb3 d6 8. c3 0-0 9. h3 Nb8 10. d4 Nbd7 11. Nbd2 Bb7 12. Bc2 Re8 13. a4 Bf8 14. Bd3 c6 15. Qc2 Qc7 16. b3 g6 17. Bb2 Nh5 18. Bf1 Nf4 19. b4 exd4 20. cxd4 d5 21. Qb3 Nb6 22. a5 Nc4 23. e5 Bc8 24. Bc3 Bf5 25. Qd1 Bd3 26. g3 Bxf1 27. Rxf1 Ne6 28. Nb3 Bg7 29. Ra2 Qe7 1/2-1/2

[Event "RA-2016-0-00487"]
[Site "LSS email"]
[Date "2016.12.09"]
[Round "?"]
[White "Davydov, Andrej"]
[Black "Latib, Ali"]
[Result "1/2-1/2"]
[WhiteElo "2163"]
[BlackElo "2111"]
[PlyCount "90"]
[EventDate "2016.11.19"]
[EventType "tourn (corr)"]
[EventRounds "6"]
[EventCountry "GER"]
[SourceTitle "Corr 2022"]
[Source "ChessBase"]
[SourceDate "2021.10.24"]
[SourceVersion "1"]
[SourceVersionDate "2021.10.24"]
[SourceQuality "1"]

1. d4 Nf6 2. c4 e6 3. Nf3 b6 4. g3 Bb4+ 5. Bd2 Be7 6. Bg2 0-0 7. 0-0 c6 8. Nc3 Bb7 9. Rc1 d5 10. Bf4 dxc4 11. Ne5 Nd5 12. Nxc4 Nxf4 13. gxf4 Nd7 14. e3 Rc8 15. Qc2 Qc7 16. a4 Rfd8 17. Rfd1 g6 18. Ne4 Ba8 19. Nc3 Qb8 20. Qe2 Bf8 21. Qf3 Be7 22. b3 Kg7 23. Ne5 Nf6 24. Ne2 Bb7 25. Rc2 Rc7 26. Qg3 Qc8 27. Qh3 c5 28. Rdc1 Bxg2 29. Kxg2 Qb7+ 30. Qf3 Nd5 31. Rd2 a6 32. Rcd1 f6 33. dxc5 Bxc5 34. e4 fxe5 35. exd5 exd5 36. Rxd5 Rxd5 37. Rxd5 Rf7 38. Rxe5 Qxf3+ 39. Kxf3 Rd7 40. Ng3 Rd3+ 41. Kg4 Rxb3 42. Ne4 Rb4 43. f3 Rxa4 44. Nxc5 bxc5 45. Rxc5 Ra2 1/2-1/2